Nghiên cứu vi bào tử trùng (Microsporidia) nhiễm trong cơ cá tra (Pangasianodon hypophthalmus) : Luận án Tiến sĩ. Chuyên ngành Nuôi trồng Thủy sản

Xác định đặc điểm hình thái và giống loài vi bào tử trùng gây bệnh gạo trên cá tra, thử nghiệm kỹ thuật nuôi bào tử vi bào tử trùng bằng tế bào thận và sợi cơ cá tra, xác định khả năng ức chế vi bào tử trùng của một số hóa chất và...

Fuld beskrivelse

Đã lưu trong:
Bibliografiske detaljer
Hovedforfatter: Nguyễn, Thị Thu Hằng
Format: Bog
Sprog:Undetermined
Udgivet: Cần Thơ Trường Đại học Cần Thơ 2017
Fag:
Tags: Tilføj Tag
Ingen Tags, Vær først til at tagge denne postø!
Thư viện lưu trữ: Trung tâm Học liệu Trường Đại học Cần Thơ
LEADER 01191nam a2200193Ia 4500
001 CTU_224370
008 210402s9999 xx 000 0 und d
082 |a 639.31 
082 |b H116 
100 |a Nguyễn, Thị Thu Hằng 
245 0 |a Nghiên cứu vi bào tử trùng (Microsporidia) nhiễm trong cơ cá tra (Pangasianodon hypophthalmus) : 
245 0 |b Luận án Tiến sĩ. Chuyên ngành Nuôi trồng Thủy sản 
245 0 |c Nguyễn Thị Thu Hằng ; Đặng Thị Hoàng Oanh (Cán bộ hướng dẫn) 
260 |a Cần Thơ 
260 |b Trường Đại học Cần Thơ 
260 |c 2017 
520 |a Xác định đặc điểm hình thái và giống loài vi bào tử trùng gây bệnh gạo trên cá tra, thử nghiệm kỹ thuật nuôi bào tử vi bào tử trùng bằng tế bào thận và sợi cơ cá tra, xác định khả năng ức chế vi bào tử trùng của một số hóa chất và thuốc kháng ký sinh trùng. 
650 |a Fish culture,Nuôi cá 
980 |a Trung tâm Học liệu Trường Đại học Cần Thơ